عرض عادي عرض مارك
  • Desurvire, Emmanuel,

مدخل إسم شخص

عدد التسجيلات المستخدمة في: 1

001 - رقم الضبط

  • حقل الضبط: 13190

003 - معرف رقم الضبط

  • حقل الضبط: OSt

005 - تاريخ ووقت أخر عملية

  • حقل الضبط: 20120510020439.0

008 - عناصر بيانات ثابتة الطول

  • حقل تحكم ثابت الطول: 120510|||a|||||| | ||| d

040 ## - مصدر الفهرسة

  • هيئة الفهرسة الأصلية: OSt
  • وكالة الكتابة: OSt

100 ## - مدخل -- أسم شخص

  • إسم شخص: Desurvire, Emmanuel,
  • تواريخ مرتبطة بالاسم: 1955-

670 ## - بيانات المصدر موجوده

  • الاستشهاد بالمصدر: Work cat.: (OSt)23580: Desurvire, Emmanuel, 1955-, Classical and quantum information theory :, 2009.